A-League and NSL Premiers - Statistics

General Stats
  • This quiz has been taken 33 times
    20 since last reset
  • The average score is 28 of 48
Answer Stats
Hint Answer % Correct
2010 Sydney FC
100%
2017 Sydney FC
100%
2018 Sydney FC
100%
2020 Sydney FC
100%
2007 Melbourne Victory
88%
2009 Melbourne Victory
88%
2015 Melbourne Victory
88%
2000 Perth Glory
88%
2002 Perth Glory
88%
2004 Perth Glory
88%
2019 Perth Glory
88%
2011 Brisbane Roar
81%
2014 Brisbane Roar
81%
2008 Central Coast Mariners
81%
2012 Central Coast Mariners
81%
2024 Central Coast Mariners
81%
2021 Melbourne City
81%
2022 Melbourne City
81%
2023 Melbourne City
81%
2006 Adelaide United
69%
2016 Adelaide United
69%
2013 Western Sydney Wanderers
69%
2025 Auckland FC
63%
1979 Marconi Fairfield
50%
1989 Marconi Fairfield
50%
1990 Marconi Fairfield
50%
1996 Marconi Fairfield
50%
1993 South Melbourne
50%
1998 South Melbourne
50%
2001 South Melbourne
50%
1986 Sydney United
44%
1997 Sydney United
44%
1999 Sydney United
44%
2003 Sydney Olympic
38%
1977 Eastern Suburbs
31%
1980 Sydney City
31%
1981 Sydney City
31%
1982 Sydney City
31%
1984 Sydney City
31%
1985 Sydney City
31%
1987 Apia Leichhardt
25%
1983 St George-Budapest
25%
1978 West Adelaide
25%
1988 Wollongong Wolves
25%
1991 Melbourne Knights
19%
1992 Melbourne Knights
19%
1994 Melbourne Knights
19%
1995 Melbourne Knights
19%
No matching quizzes found
Score Distribution
Percent of People with Each Score
Percentile by Number Answered
Your Score History
You have not taken this quiz since the last reset